Využitie merania mikrotvrdosti pri identifikácii mikroštruktúry laserových zvarov vysokopevných ocelí

Saved in:
Bibliographic Details
Main Author: Jezsó, Kristian (Author)
Other Authors: Švec, Pavol (Thesis advisor)
Format: Manuscript Book
Language:Slovak
Published: 2018
Subjects:
Online Access:http://is.stuba.sk/zp/portal_zp.pl?podrobnosti=125480
Tags: Add Tag
No Tags, Be the first to tag this record!

MARC

LEADER 00000ntm a22000003a 4500
001 stuzp69521
003 SK-STU
005 20180820161541.5
007 ta
008 150427s2015----xo-----f-mn---000-0-slo-d
040 |a STU  |b slo 
041 0 |a slo 
100 1 |a Jezsó, Kristian  |u 020050  |4 aut  |U SjF Strojnícka fakulta  |T SjF Ústav technológií a materiálov  |X 81391  |U J0050  |Y 803  |7 81391 
242 0 1 |a Utilizing of microhardness at microstructure identification of laser welds of high strength steels  |y eng 
245 1 0 |a Využitie merania mikrotvrdosti pri identifikácii mikroštruktúry laserových zvarov vysokopevných ocelí 
260 |c 2018 
650 4 |a mikroštruktúra  |2 slo 
650 4 |a mikrotvrdosť  |2 slo 
650 4 |a laserové zváranie  |2 slo 
650 4 |a vysokopevné ocele  |2 slo 
650 4 |a laser welding  |2 eng 
650 4 |a microhardness  |2 eng 
650 4 |a high strength steels  |2 eng 
650 4 |a microstructure  |2 eng 
700 1 |a Švec, Pavol  |u 020050  |k Z1  |4 ths  |U SjF Strojnícka fakulta  |T SjF Ústav technológií a materiálov  |X 2305  |U J0050  |Y 803  |7 A000002305 
856 4 |u http://is.stuba.sk/zp/portal_zp.pl?podrobnosti=125480 
996 |b 284J045466  |c J* 2826/DBP  |l JJSK  |s A  |a 24  |w stuzp69521_0001